| 000 | 00436nam a2200157Ia 4500 | ||
|---|---|---|---|
| 003 | LK-CoDNM | ||
| 008 | 010623t2006 xxu||||| |||| 00| 1 eng d | ||
| 040 |
_aLK-CoDNM _dLK-CoDNM _eLK-CoDNM |
||
| 041 | _aeng | ||
| 080 |
_a336 _bHEW |
||
| 100 | _aHewavitharana, Buddhadasa | ||
| 245 | _aDr. N.M. Pereras Policies and Achievements as Finance Minister | ||
| 260 |
_b Stamford Lake _a Colombo _c2006 |
||
| 300 | _b74p, 21 cm | ||
| 942 | _cBK | ||
| 999 |
_c125384 _d125384 |
||